00766nam a22001817a 4500999001900000005001700019008004100036022001400077082001000091110004100101245007200142246009800214260011500312300001500427310001600442270010400458942002200562 c171852d17185220200122121813.0200122b ||||| |||| 00| 0 eng d a2249-197X a315.4 aNational Sample Survey Organisation. aSarvekshana : bjournal of the National Sample Survey Organisation aSarvekṣaṇa : brāṣṭrīya pratidarīa sarvekṣaṇa saṃgaṭhana kī patrikā a DelhibDepartment of Statistics, Ministry of Planning & Programme Implementation, Government of India.c1985- av.c29 cm. aBi-annually aNational Sample Survey Office, Sankhyiki Bhavan, Maharshi Valmiki Marg, CBD ShahdarabDelhie110032 2ddccSRh315.4s1